00862nam a22002657a 4500003000400000082001600004245005700020260006800077300001300145546001200158650004100170650002400211650002200235650002800257650002600285650004800311650002100359650001400380650001300394650003700407650003900444650004900483650004300532650002100575OSt a630bGOI/RE aNational commission on agriculture:babridged report aNew DelhibController of publications,Government of Indiac1977 axv,748p. aEnglish aProgress on agricultural development aPolicy and Strategy aDemand and supply aClimate and agriculture aResource development aCrop production, sericulture and apiculture aAnimal husbandry aFisheries aForestry aResearch education and extension aSupporting services and incentives aRural employment and special area programmes aPlanning, statitics and administration aAgrarian Reforms